Nation, Nationalism and the Public Sphere: Religious Politics in India/ (Record no. 178476)

MARC details
000 -LEADER
fixed length control field 00753nam a22001937a 4500
005 - DATE AND TIME OF LATEST TRANSACTION
control field 20210331155134.0
010 ## - LCCN (DPL NO)
LC control number ENG-129361
020 ## - INTERNATIONAL STANDARD BOOK NUMBER
International Standard Book Number 978-93-5388-380-5
Terms of availability 1195.00
035 ## - SYSTEM CONTROL NUMBER
System control number EN-112893
037 ## - SOURCE OF ACQUISITION
Source of stock number/acquisition DBAD/PUB
082 ## - DEWEY DECIMAL CLASSIFICATION NUMBER
Classification number 322.10954
245 ## - TITLE STATEMENT
Title Nation, Nationalism and the Public Sphere: Religious Politics in India/
Statement of responsibility, etc Edited by Avishek Ray and Ishita Banerjee-Dube
260 ## - PUBLICATION, DISTRIBUTION, ETC. (IMPRINT)
Place of publication, distribution, etc New Delhi
Name of publisher, distributor, etc Sage Publication India
Date of publication, distribution, etc 2020
270 ## - ADDRESS
Address B1/1-1 Mohan Cooperative Industrial Area Mathura Road
City New Delhi
Postal code 110044
300 ## - PHYSICAL DESCRIPTION
Extent vi+265p.
Dimensions 22cm(hbk)
Other physical details Including illustrations, bibliographical references and index.
700 ## - ADDED ENTRY--PERSONAL NAME
Personal name Ray, Avishek, Ed.
700 ## - ADDED ENTRY--PERSONAL NAME
Personal name Banerjee-Dube, Ishita, Ed.
942 ## - ADDED ENTRY ELEMENTS (KOHA)
Source of classification or shelving scheme Dewey Decimal Classification
Item type English Books
Classification part 322.10954
Call number suffix NAT
Holdings
Withdrawn status Lost status Not for loan Collection code Home library Current library Date acquired Source of acquisition Cost, normal purchase price Full call number Barcode Copy number Cost, replacement price Koha item type
      Non-fiction Shahdara Branch Shahdara Branch 31/03/2021 DBAD/PUB 1195.00 322.10954 NAT EN-112893 1 1195.00 English Books

© Delhi Public Library
Hit Counter
free hit counter